000 01045cad a22002895a 4500
001 L154253
008 111107e2011 xxk 000 0 eng d
035 _a(Sirsi) u154253
041 0 _aeng
100 1 _aLucy, Daniel
245 0 0 _aLeadership and worker involvement on the Olympic Park
_h[electronic resource]
260 _aBrighton
_bHSE
_c2011
490 0 _aHSE Research Report
_vRR896
520 _aThis research considers leadership and worker involvement practice across selected projects on the London 2012 Olympic Park.
590 _aKA NTK
650 2 4 _aOLYMPIC GAMES 2012
651 4 _aGreat Britain
_y1707-
690 _aProject management
_96261
690 _aMANAGEMENT-HEALTH AND SAFETY
700 1 _aTamkin, Penny
700 1 _aTyers, Claire
700 1 _aHicks, Ben
710 1 _aInstitute for Employment Studies
_92639
710 1 _aGreat Britain
_bHealth and Safety Executive
856 4 8 _uhttps://www.hse.gov.uk/research/rrpdf/rr896.pdf
_zView the consultation free of charge at www.hse.gov.uk
942 _n0
999 _c112908
_d112908